[Event "ESP-ch Amateurs U2300"]
[Site "Murcia"]
[Date "2022.09.02"]
[Round "6.2"]
[White "Fernandez Barrera, Victor"]
[Black "Martinez Fernandez, Raul"]
[Result "1/2-1/2"]
[WhiteElo "2294"]
[BlackElo "2187"]
[PlyCount "83"]
[EventDate "2022.08.30"]
[EventType "swiss"]
[EventRounds "7"]
[EventCountry "ESP"]
[SourceTitle "EXT 2024"]
[Source "ChessBase"]
[SourceDate "2023.10.10"]
[SourceVersion "1"]
[SourceVersionDate "2023.10.10"]
[SourceQuality "1"]

1. e4 e5 2. Nf3 Nc6 3. Bb5 a6 4. Ba4 Nf6 5. 0-0 Be7 6. Re1 b5 7. Bb3 d6 8. c3 0-0 9. h3 Nb8 10. d4 Nbd7 11. a4 Bb7 12. Nbd2 c5 13. d5 Re8 14. Qe2 c4 15. Bc2 Nc5 16. Nf1 Bf8 17. Ng3 g6 18. Bg5 h6 19. Be3 Nfd7 20. Nh2 Qh4 21. Nf3 Qe7 22. h4 h5 23. Ng5 f6 24. Nh3 Kh7 25. Qd2 Bg7 26. Ra3 Qf8 27. Rea1 Bh6 28. Nf1 Bxe3 29. Nxe3 Qh6 30. Qd1 Nb6 31. axb5 axb5 32. Qf3 Nbd7 33. Ra5 Rxa5 34. Rxa5 Ba6 35. g4 hxg4 36. Qxg4 Re7 37. Qg3 Kh8 38. f4 Rh7 39. Ng2 Qh5 40. Kf2 Re7 41. Ne3 Rh7 42. f5 1/2-1/2

[Event "ESP-chT CECLUB Div2"]
[Site "Linares"]
[Date "2022.08.24"]
[Round "3.2"]
[White "Fernandez Barrera, Victor"]
[Black "Kacharava, Nikoloz"]
[Result "1/2-1/2"]
[WhiteElo "2294"]
[BlackElo "2507"]
[PlyCount "135"]
[EventDate "2022.08.22"]
[EventType "team-swiss"]
[EventRounds "7"]
[EventCountry "ESP"]
[SourceTitle "CBM 209 Extra"]
[Source "ChessBase"]
[SourceDate "2022.09.30"]
[SourceVersion "1"]
[SourceVersionDate "2022.09.30"]
[SourceQuality "1"]
[WhiteTeam "Excalibur"]
[BlackTeam "Aimpulsa Granada"]
[WhiteTeamCountry "ESP"]
[BlackTeamCountry "ESP"]

1. e4 c5 2. c3 Nf6 3. e5 Nd5 4. d4 cxd4 5. Nf3 d6 6. cxd4 Nc6 7. Bc4 dxe5 8. dxe5 Ndb4 9. Qb3 e6 10. 0-0 Na5 11. Qa4+ Bd7 12. Bb5 Bxb5 13. Qxb5+ Nac6 14. Nc3 a6 15. Qc4 Qd3 16. Qg4 h5 17. Qg3 Qc4 18. Rd1 h4 19. Qf4 Qxf4 20. Bxf4 Ne7 21. a3 Nbd5 22. Ne4 Ng6 23. Bg5 Be7 24. Rac1 f6 25. exf6 gxf6 26. Be3 Kf7 27. Bc5 Ngf4 28. Kf1 Rag8 29. Bxe7 Kxe7 30. Ne1 f5 31. Nc3 Nf6 32. Ne2 N4d5 33. Nc3 h3 34. Nxd5+ Nxd5 35. g3 f4 36. Ke2 fxg3 37. fxg3 Rg4 38. Rd3 Re4+ 39. Kd2 Rf8 40. Nf3 Kd6 41. Re1 Rg4 42. Re2 b5 43. Nd4 e5 44. Nc2 Rc4 45. Nb4 Rd4 46. Rxd4 exd4 47. Nc2 Kc5 48. Re5 Rf2+ 49. Kd3 a5 50. b4+ Kd6 51. Rh5 axb4 52. Nxb4 Nxb4+ 53. axb4 Rxh2 54. Kxd4 Rh1 55. Rh6+ Kc7 56. Kc5 h2 57. Rh7+ Kc8 58. Kxb5 Rg1 59. Rxh2 Rxg3 60. Rh6 Kb8 61. Kb6 Rg8 62. b5 Rf8 63. Ka6 Rg8 64. b6 Rf8 65. Rh7 Rg8 66. Rb7+ Ka8 67. Ra7+ Kb8 68. Rb7+ 1/2-1/2

[Event "Titled Tuesday intern op 24th May Early"]
[Site "Chess.com INT"]
[Date "2022.05.24"]
[Round "8"]
[White "Barria Zuniga, Daniel"]
[Black "Fernandez Barrera, Victor"]
[Result "1-0"]
[WhiteElo "2341"]
[BlackElo "2284"]
[PlyCount "43"]
[EventDate "2022.05.24"]
[EventType "swiss (blitz)"]
[EventRounds "11"]
[EventCountry "USA"]
[SourceTitle "EXT 2023"]
[Source "ChessBase"]
[SourceDate "2022.10.05"]
[SourceVersion "1"]
[SourceVersionDate "2022.10.05"]
[SourceQuality "1"]

1. c4 Nf6 2. g3 e6 3. Bg2 d5 4. Nf3 Be7 5. 0-0 0-0 6. Nc3 d4 7. Na4 c5 8. d3 Nc6 9. e3 Ne8 10. exd4 cxd4 11. a3 a5 12. Bd2 Nc7 13. Nb6 Ra6 14. Nxc8 Qxc8 15. Re1 f6 16. Qc2 a4 17. b4 axb3 18. Qxb3 e5 19. Reb1 Ne6 20. Bh3 Nc5 21. Bxc8 Nxb3 22. Be6+ 1-0

[Event "Titled Tuesday intern op 24th May Early"]
[Site "Chess.com INT"]
[Date "2022.05.24"]
[Round "9"]
[White "Fernandez Barrera, Victor"]
[Black "Sanchez, Roberto Daniel"]
[Result "1-0"]
[WhiteElo "2284"]
[BlackElo "1989"]
[PlyCount "65"]
[EventDate "2022.05.24"]
[EventType "swiss (blitz)"]
[EventRounds "11"]
[EventCountry "USA"]
[SourceTitle "EXT 2023"]
[Source "ChessBase"]
[SourceDate "2022.10.05"]
[SourceVersion "1"]
[SourceVersionDate "2022.10.05"]
[SourceQuality "1"]

1. c4 Nf6 2. Nf3 c6 3. d4 d5 4. e3 g6 5. b3 Bg7 6. Bb2 0-0 7. Nbd2 Bg4 8. Qc2 e6 9. Bd3 Nbd7 10. Ne5 Nxe5 11. dxe5 Nd7 12. f4 Nc5 13. Be2 Bxe2 14. Kxe2 f6 15. exf6 Bxf6 16. b4 Nd7 17. Rhe1 Qe7 18. Kf1 Rae8 19. Kg1 Qxb4 20. Bxf6 Nxf6 21. Rab1 Qe7 22. Nf3 Ne4 23. Ne5 Rd8 24. Qb2 Qc5 25. Qxb7 Rxf4 26. Qxc6 Rf6 27. cxd5 exd5 28. Qxc5 Nxc5 29. Rec1 Re6 30. Ng4 Ne4 31. Rc7 Rb6 32. Rf1 Rf8 33. Nh6+ 1-0

[Event "Titled Tuesday intern op 24th May Early"]
[Site "Chess.com INT"]
[Date "2022.05.24"]
[Round "1"]
[White "Ibrahimli, Murad Sultanali"]
[Black "Fernandez Barrera, Victor"]
[Result "1/2-1/2"]
[WhiteElo "2437"]
[BlackElo "2284"]
[PlyCount "85"]
[EventDate "2022.05.24"]
[EventType "swiss (blitz)"]
[EventRounds "11"]
[EventCountry "USA"]
[SourceTitle "EXT 2023"]
[Source "ChessBase"]
[SourceDate "2022.10.05"]
[SourceVersion "1"]
[SourceVersionDate "2022.10.05"]
[SourceQuality "1"]

1. Nf3 Nf6 2. d4 e6 3. Bf4 d5 4. e3 Bd6 5. Nbd2 0-0 6. Bd3 b6 7. Qe2 Bb7 8. Ne5 c5 9. c3 Nc6 10. Qf3 Ne7 11. Qh3 Ng6 12. Bg5 Be7 13. Bxf6 Bxf6 14. f4 a5 15. Ndf3 Ba6 16. Bxg6 hxg6 17. g4 cxd4 18. exd4 b5 19. g5 Bxe5 20. Nxe5 b4 21. Rg1 bxc3 22. bxc3 Qb6 23. Rg2 Rfc8 24. Qe3 Rab8 25. Rc2 Qb5 26. Kf2 Kf8 27. Kg3 Ke7 28. h4 Rc7 29. Qc1 Qa4 30. Rb1 Rxb1 31. Qxb1 Rb7 32. Rb2 Rxb2 33. Qxb2 Qd1 34. Nf3 Be2 35. Qb7+ Ke8 36. Qc8+ Ke7 37. Qc7+ Ke8 38. Qb8+ Ke7 39. Qa7+ Ke8 40. Qa8+ Ke7 41. Qa7+ Ke8 42. Qa8+ Ke7 43. Qa7+ 1/2-1/2

[Event "La Roda op 48th"]
[Site "La Roda"]
[Date "2022.04.17"]
[Round "8"]
[White "Sargsyan, Shant"]
[Black "Fernandez Barrera, Victor"]
[Result "1-0"]
[WhiteElo "2639"]
[BlackElo "2288"]
[PlyCount "53"]
[EventDate "2022.04.13"]
[EventType "swiss"]
[EventRounds "9"]
[EventCountry "ESP"]
[SourceTitle "CBM 207 Extra"]
[Source "ChessBase"]
[SourceDate "2022.05.31"]
[SourceVersion "1"]
[SourceVersionDate "2022.05.31"]
[SourceQuality "1"]

1. d4 Nf6 2. c4 g6 3. Nc3 d5 4. Bf4 Bg7 5. e3 0-0 6. Rc1 dxc4 7. Bxc4 c5 8. dxc5 Qa5 9. Nf3 Qxc5 10. Bb3 Nc6 11. 0-0 Qa5 12. Qe2 Bf5 13. Nd4 Bd7 14. Nf3 Bf5 15. h3 Ne4 16. Nd5 e5 17. Bg5 Nxg5 18. Nxg5 Rae8 19. g4 Bc8 20. Ne4 Rd8 21. Rc5 Rxd5 22. Rxa5 Rxa5 23. Rd1 Ra6 24. Ng5 Na5 25. Bxf7+ Rxf7 26. Nxf7 Kxf7 27. b4 1-0

[Event "La Roda op 47th"]
[Site "La Roda"]
[Date "2021.12.07"]
[Round "8"]
[White "Castellanos Gomez, Alejandro"]
[Black "Fernandez Barrera, Victor"]
[Result "1/2-1/2"]
[WhiteElo "2259"]
[BlackElo "2281"]
[PlyCount "76"]
[EventDate "2021.12.04"]
[EventType "swiss"]
[EventRounds "9"]
[EventCountry "ESP"]
[SourceTitle "CBM 205 Extra"]
[Source "ChessBase"]
[SourceDate "2022.01.31"]
[SourceVersion "1"]
[SourceVersionDate "2022.01.31"]
[SourceQuality "1"]

1. d4 Nf6 2. Bg5 Ne4 3. Bf4 c5 4. f3 Qa5+ 5. c3 Nf6 6. d5 Qb6 7. Bc1 e6 8. e4 d6 9. c4 exd5 10. exd5 Be7 11. Bd3 0-0 12. Ne2 Re8 13. Nbc3 Nbd7 14. b3 Bf8 15. 0-0 g6 16. f4 Bg7 17. h3 a6 18. Qc2 Qd8 19. Bd2 b5 20. Rae1 b4 21. Nd1 Ra7 22. Ng3 Rxe1 23. Rxe1 Nf8 24. Nf2 Re7 25. Qd1 Ne8 26. Nfe4 f5 27. Ng5 Bf6 28. Bc1 Rxe1+ 29. Qxe1 Qe7 30. Qxe7 Bxe7 31. Bb2 Bf6 32. Bxf6 Nxf6 33. Kf2 Bd7 34. Nf1 Kg7 35. Bc2 Nh5 36. Ke3 h6 37. Nf3 Kf6 38. N3d2 Ng7 1/2-1/2

[Event "La Roda op 47th"]
[Site "La Roda"]
[Date "2021.12.06"]
[Round "5"]
[White "Fernandez Barrera, Victor"]
[Black "Tejedor Fuente, Enrique"]
[Result "1/2-1/2"]
[WhiteElo "2281"]
[BlackElo "2430"]
[PlyCount "79"]
[EventDate "2021.12.04"]
[EventType "swiss"]
[EventRounds "9"]
[EventCountry "ESP"]
[SourceTitle "CBM 205 Extra"]
[Source "ChessBase"]
[SourceDate "2022.01.31"]
[SourceVersion "1"]
[SourceVersionDate "2022.01.31"]
[SourceQuality "1"]

1. e4 g6 2. d4 Bg7 3. Nf3 d6 4. Be2 Nf6 5. Nc3 0-0 6. 0-0 Bg4 7. h3 Bxf3 8. Bxf3 c6 9. Re1 e5 10. Be3 Nbd7 11. dxe5 dxe5 12. Qd2 Qe7 13. Rad1 Nc5 14. Qd6 Qxd6 15. Rxd6 Ne6 16. Red1 Rfc8 17. Bg4 Nxg4 18. hxg4 b5 19. Ne2 a5 20. Rd7 a4 21. Rb7 Rab8 22. Ra7 Ra8 23. Rb7 Rd8 24. Rdd7 Rxd7 25. Rxd7 Rd8 26. Rxd8+ Nxd8 27. b3 axb3 28. axb3 Ne6 29. Nc1 Kf8 30. Nd3 Ke7 31. b4 Kd6 32. c3 Bf6 33. f3 Bd8 34. Kf2 f6 35. g3 g5 36. Ke2 Kd7 37. Nc5+ Nxc5 38. Bxc5 Be7 39. Bxe7 Kxe7 40. Kf2 1/2-1/2

[Event "ESP-chT Rapid"]
[Site "Ciudad Real"]
[Date "2021.10.09"]
[Round "2.1"]
[White "Fernandez Barrera, Victor"]
[Black "Idani, Pouya"]
[Result "0-1"]
[WhiteElo "2281"]
[BlackElo "2610"]
[PlyCount "94"]
[EventDate "2021.10.09"]
[EventType "team-swiss (rapid)"]
[EventRounds "9"]
[EventCountry "ESP"]
[SourceTitle "CBM 204 Extra"]
[Source "ChessBase"]
[SourceDate "2021.11.30"]
[SourceVersion "1"]
[SourceVersionDate "2021.11.30"]
[SourceQuality "1"]
[WhiteTeam "Albacete Excalibur"]
[BlackTeam "Silla Bosch Serinsys"]
[WhiteTeamCountry "ESP"]
[BlackTeamCountry "ESP"]

1. e4 c5 2. Nf3 Nc6 3. d4 cxd4 4. Nxd4 Nf6 5. Nc3 e5 6. Ndb5 d6 7. Bg5 a6 8. Na3 b5 9. Nd5 Be7 10. Bxf6 Bxf6 11. c4 Nd4 12. Bd3 Be6 13. 0-0 Bxd5 14. cxd5 Bg5 15. Nc2 Nxc2 16. Qxc2 Rc8 17. Qe2 0-0 18. a4 Qb6 19. axb5 axb5 20. g3 Rb8 21. h4 Bh6 22. Ra3 g6 23. Rfa1 Rfc8 24. Kg2 Kg7 25. h5 Rc1 26. Rxc1 Bxc1 27. Rc3 Bg5 28. Rc6 Qd8 29. hxg6 hxg6 30. b4 Qd7 31. Qf3 Bd2 32. Qe2 Bxb4 33. Bxb5 Rh8 34. g4 Qe7 35. Qf3 Bc5 36. Bc4 Qh4 37. Kf1 Qe7 38. Ra6 Rh2 39. Ra2 Qg5 40. Rc2 Rh4 41. Be2 Qh6 42. Bb5 Rh1+ 43. Ke2 Rh3 44. g5 Qh4 45. Qf6+ Kg8 46. Bd3 Qg4+ 47. Ke1 Bb4+ 0-1

[Event "ESP-chT CECLUB Div1"]
[Site "Linares"]
[Date "2021.09.13"]
[Round "6.2"]
[White "Santos Ruiz, Miguel"]
[Black "Fernandez Barrera, Victor"]
[Result "1-0"]
[WhiteElo "2605"]
[BlackElo "2280"]
[PlyCount "85"]
[EventDate "2021.09.08"]
[EventType "team-tourn"]
[EventRounds "7"]
[EventCountry "ESP"]
[SourceTitle "CBM 204 Extra"]
[Source "ChessBase"]
[SourceDate "2021.11.30"]
[SourceVersion "1"]
[SourceVersionDate "2021.11.30"]
[SourceQuality "1"]
[WhiteTeam "Solvay"]
[BlackTeam "Albacete Excalibur"]
[WhiteTeamCountry "ESP"]
[BlackTeamCountry "ESP"]

1. e4 c5 2. Nf3 g6 3. d4 cxd4 4. Nxd4 Nc6 5. c4 Nf6 6. Nc3 Nxd4 7. Qxd4 d6 8. Be3 Bg7 9. f3 0-0 10. Qd2 Qa5 11. Rc1 a6 12. Be2 Be6 13. Nd5 Qxd2+ 14. Kxd2 Bxd5 15. cxd5 e6 16. dxe6 fxe6 17. Rc7 Rf7 18. Rxf7 Kxf7 19. Rc1 Rd8 20. b4 Ne8 21. Bc4 d5 22. exd5 exd5 23. Bb3 Bf8 24. a3 Rd7 25. Kd3 Be7 26. Rc8 Ng7 27. Ba4 b5 28. Bb3 Ne6 29. Rc6 Nc7 30. Bb6 Ne6 31. g3 Bf6 32. Ba5 Bb2 33. Rxa6 Bxa3 34. Rb6 Bb2 35. Rxb5 Nd4 36. Rxd5 Ke7 37. Rxd7+ Kxd7 38. Bd5 Kd6 39. Be4 Ne6 40. Bb6 Ba3 41. Kc4 Bc1 42. b5 Ba3 43. Be3 1-0

[Event "ESP-chT CECLUB Div1"]
[Site "Linares"]
[Date "2021.09.12"]
[Round "5.3"]
[White "Fernandez Barrera, Victor"]
[Black "Espinosa Aranda, Angel"]
[Result "1/2-1/2"]
[WhiteElo "2280"]
[BlackElo "2485"]
[PlyCount "86"]
[EventDate "2021.09.08"]
[EventType "team-tourn"]
[EventRounds "7"]
[EventCountry "ESP"]
[SourceTitle "CBM 204 Extra"]
[Source "ChessBase"]
[SourceDate "2021.11.30"]
[SourceVersion "1"]
[SourceVersionDate "2021.11.30"]
[SourceQuality "1"]
[WhiteTeam "Albacete Excalibur"]
[BlackTeam "Virgen de Atocha"]
[WhiteTeamCountry "ESP"]
[BlackTeamCountry "ESP"]

1. e4 c5 2. c3 d5 3. exd5 Qxd5 4. d4 Nf6 5. Nf3 Bg4 6. Be2 e6 7. h3 Bh5 8. 0-0 Nc6 9. Na3 Be7 10. Nb5 Rc8 11. dxc5 Qxd1 12. Rxd1 Bxc5 13. Be3 Be7 14. Nxa7 Nxa7 15. Bxa7 0-0 16. Bd4 Nd5 17. g3 f6 18. Kg2 Rfd8 19. c4 e5 20. cxd5 exd4 21. Nxd4 Bxe2 22. Nxe2 Rc2 23. Nd4 Rxb2 24. Ne6 Rd7 25. a4 Kf7 26. Rd4 Bd6 27. Rad1 b6 28. R1d2 Rb3 29. Rg4 g5 30. Rc4 b5 31. axb5 Rxb5 32. h4 h6 33. Rd3 Be5 34. Rc5 Rb2 35. hxg5 hxg5 36. Ra5 g4 37. Nc5 Rd8 38. Ra7+ Kg6 39. Rb7 Rc2 40. Ne6 Ra8 41. Rb1 Raa2 42. Rf1 Rd2 43. Nc5 Bd6 1/2-1/2

[Event "Titled Tuesday intern op 09th Mar"]
[Site "Chess.com INT"]
[Date "2021.03.09"]
[Round "4"]
[White "Fernandez Barrera, Victor"]
[Black "Prilleltensky, Matan"]
[Result "1-0"]
[WhiteElo "2298"]
[BlackElo "2136"]
[PlyCount "64"]
[EventDate "2021.03.09"]
[EventType "swiss (blitz)"]
[EventRounds "11"]
[EventCountry "USA"]
[SourceTitle "CBM 201 Extra"]
[Source "ChessBase"]
[SourceDate "2021.05.31"]
[SourceVersion "1"]
[SourceVersionDate "2021.05.31"]
[SourceQuality "1"]

1. e4 c5 2. Nf3 e6 3. d4 cxd4 4. Nxd4 a6 5. Bd3 Nf6 6. 0-0 Qc7 7. Qe2 d6 8. f4 g6 9. Kh1 Bg7 10. c3 0-0 11. Nf3 Nbd7 12. Nbd2 b5 13. a4 bxa4 14. Rxa4 Nc5 15. Rc4 d5 16. exd5 exd5 17. Rb4 a5 18. Rd4 Re8 19. Ne5 Nxd3 20. Qxd3 Ba6 21. c4 dxc4 22. Qc3 Rad8 23. Rxd8 Rxd8 24. Ndf3 Nd5 25. Qa3 c3 26. Re1 cxb2 27. Bxb2 Nxf4 28. Bc3 Rc8 29. Bxa5 Qc2 30. Bd2 Bb7 31. Bxf4 Rd8 32. Qe7 Rd1 1-0

[Event "Titled Tuesday intern op 02nd Mar"]
[Site "Chess.com INT"]
[Date "2021.03.02"]
[Round "9"]
[White "Arabidze, Meri"]
[Black "Fernandez Barrera, Victor"]
[Result "1/2-1/2"]
[WhiteElo "2437"]
[BlackElo "2298"]
[PlyCount "96"]
[EventDate "2021.03.02"]
[EventType "swiss (blitz)"]
[EventRounds "11"]
[EventCountry "USA"]
[SourceTitle "CBM 201 Extra"]
[Source "ChessBase"]
[SourceDate "2021.05.31"]
[SourceVersion "1"]
[SourceVersionDate "2021.05.31"]
[SourceQuality "1"]

1. d4 Nf6 2. c4 g6 3. Nf3 Bg7 4. g3 d5 5. Bg2 c6 6. cxd5 cxd5 7. Nc3 0-0 8. Ne5 Nc6 9. 0-0 Ne4 10. Nxc6 bxc6 11. Nxe4 dxe4 12. Bxe4 Bh3 13. Bg2 Bxg2 14. Kxg2 Qxd4 15. Qxd4 Bxd4 16. Rb1 a5 17. Bh6 Rfb8 18. b3 Bg7 19. Bf4 e5 20. Be3 Bf8 21. Rfc1 Ra6 22. Bc5 f6 23. Bxf8 Kxf8 24. Rc4 Ke7 25. Rbc1 Kd6 26. Rd1+ Ke7 27. Rh4 h5 28. Rc4 Rb4 29. Rdc1 Kd6 30. f3 Rxc4 31. Rxc4 c5 32. h4 Kc6 33. g4 Kb5 34. gxh5 gxh5 35. f4 a4 36. fxe5 fxe5 37. Re4 axb3 38. axb3 Ra3 39. Rxe5 Rxb3 40. Rxh5 Kc6 41. Rh8 Rb7 42. h5 c4 43. Rc8+ Kd5 44. h6 Rh7 45. Rd8+ Kc5 46. Rc8+ Kd5 47. Rd8+ Kc5 48. Rc8+ Kd5 1/2-1/2

[Event "Titled Tuesday intern op 02nd Mar"]
[Site "Chess.com INT"]
[Date "2021.03.02"]
[Round "4"]
[White "Fernandez Barrera, Victor"]
[Black "Nilssen, Ellen Fredericia"]
[Result "1-0"]
[WhiteElo "2298"]
[BlackElo "2168"]
[PlyCount "55"]
[EventDate "2021.03.02"]
[EventType "swiss (blitz)"]
[EventRounds "11"]
[EventCountry "USA"]
[SourceTitle "CBM 201 Extra"]
[Source "ChessBase"]
[SourceDate "2021.05.31"]
[SourceVersion "1"]
[SourceVersionDate "2021.05.31"]
[SourceQuality "1"]

1. e4 e6 2. d4 d5 3. Bd3 dxe4 4. Bxe4 Nf6 5. Bf3 c5 6. Ne2 Nc6 7. Be3 Nd5 8. Bxd5 Qxd5 9. 0-0 cxd4 10. Nxd4 Be7 11. Nc3 Qd7 12. Qg4 0-0 13. Rad1 e5 14. Qxd7 Bxd7 15. Ndb5 Bf5 16. Rd2 Rad8 17. Rfd1 Rxd2 18. Rxd2 Rd8 19. Nd5 Kf8 20. c3 b6 21. f3 Be6 22. Nbc7 Bc8 23. Kf2 Bc5 24. b4 Be7 25. a4 a5 26. b5 Nb8 27. Bxb6 Rxd5 28. Nxd5 1-0